LEADER 01110nam0 2200301 450 001 000027213 005 20100129091938.0 100 $a20100129d1955----km-y0itaa50------ba 101 0 $afre$agrc 102 $aFR 200 1 $aTraité de phonétique grecque$fpar Michel Lejeune 205 $a2. éd. revue et corrigée 210 $aParis$c<> Klincksieck$d1955 215 $aXV, 374 p.$d24 cm. 225 2 $aCollection de philologie classique$v3 410 1$12001$aCollection de philologie classique$v3 606 1 $aLingua greca$xFonologia 676 $a481.5$v(21. ed.)$9Greco classico. Fonologia, fonetica, grafia 700 1$aLejeune,$bMichel$0172207 801 0$aIT$bUniversità della Basilicata - B.I.A.$gRICA$2unimarc 912 $a000027213 996 $aTraité de phonétique grecque$91528699 997 $aUNIBAS BAS $aLETTERE CAT $aTTM$b30$c20100129$lBAS01$h0915 CAT $aTTM$b30$c20100129$lBAS01$h0919 FMT Z30 -1$lBAS01$LBAS01$mBOOK$1BASA1$APolo Storico-Umanistico$2DSLF$BCollezione DiSLF$3DF/5535$65535$5F5535$820100129$f04$FPrestabile Didattica LEADER 01482nam a2200361 i 4500 001 991002603769707536 008 030203s2003 enka b 001 0 eng 020 $a0813340853 035 $ab12947817-39ule_inst 040 $aSet. Economia$bita 082 0 $a003.857 082 00$a515.352$220 084 $aLC QA614.8 100 1 $aDevaney, Robert L.$d<1948- >$021043 245 13$aAn introduction to chaotic dynamical systems /$cRobert L. Devaney 246 30$aChaotic dynamical systems 250 $a2. ed. 260 $aBoulder, Colo. :$bWestview,$c2003 300 $axv, 335 p., [4] c. di tav. :$bill. ;$c24 cm 440 0$aStudies in nonlinearity 504 $aIncludes bibliographical references and index 650 4$aDifferentiable dynamical systems 650 4$aChaotic behavior in systems 650 4$aTeoria dei sistemi 650 4$aSistemi dinamici non lineari 907 $a.b12947817$b23-02-12$c03-06-04 912 $a991002603769707536 945 $aLE006 53.1.65 DEV$g1$i2006000164092$lle006$op$pE31.01$q-$rl$s- $t0$u8$v0$w8$x0$y.i15086598$z09-03-10 945 $aLE025 ECO 003 DEV01.01 $g1$i2025000098756$lle025$op$pE45.04$q-$rl$s- $t0$u3$v2$w3$x0$y.i13842225$z15-09-04 945 $aLE025 ECO 003 DEV01.01 $g2$i2025000098763$lle025$op$pE45.09$q-$rl$s- $t0$u1$v1$w1$x0$y.i13842237$z15-09-04 996 $aIntroduction to chaotic dynamical systems$9126545 997 $aUNISALENTO 998 $ale006$a(3)le025$b03-06-04$cm$da $e-$feng$genk$h3$i4